000 01150nam0a22002771 4500
001 rc\574962
005 20031121162719.6
035 _a(NLR Aleph) 005823085
090 _a5500443
_c5500443
100 _a20031121d1988 u |0rusy50 ca
101 0 _arus
102 _aRU
105 _aa |||||||||
200 1 _aУправление социалистическим предприятием
_e[Текст лекций
_fО.К. Платов, Т.Я. Гольдина, Г.В. Гобина и др.]
_gПод ред. М.В. Терина
_gЯросл. политехн. ин-т
210 _aЯрославль
_cЯПИ
_d1988
215 _a56 с.
_cил.
_d20
300 _aАвт. указаны на обороте тит. л.
320 _aБиблиогр.: с. 55-56 (22 назв.)
701 1 _aПлатов
_bО. К.
_gОлег Константинович
702 1 _aТерин
_bМ. В.
_gМихаил Викторович
_4340
712 0 2 _aЯрославский политехнический ин-т
_3RU\NLR\AUTH\889935889
801 0 _aRU
_bNLR
_gpsbo
801 1 _aRU
_bELAR
_2rusmarc
852 _aNLR
_j88-4/21209
942 _cBOOK
980 _aNB